00989nam a2200253Ia 450000500170000000800410001702000220005805000230008010000210010324501600012425000110028426000430029530000160033833700100035433800140036433900120037850000220039063000860041265000130049870000850051194200070059695201150060399900170071820231102151446.0121028s9999 xx 000 0 und d a978-84-7829-119-9 aTK5105.8 R691 200410aKUROSE, James K. aRedes de computadores : un enfoque descendente basado en internet c/ James F. Kurose, Keith W. Ross ; traducción, Manuel Barrio Solorzano ... [y otros.] a5a ed. aMéxico b: Pearson Educaciónc2010 a740 paginas atexto asin medio avolumen aIncluye contenido aTraducción de: Computer networking : a top-down approach featuring the Internet aInternet aRoss, Keith W., 1956- , coautor Barrio Solórzano, Manuel, traductor Ì cLB 00104070a14b14d2010-12-02l3m1oTK5105.8 R691 2004p14 003662r2019-02-25s2019-02-25t1w2012-10-28yLB c85813d85813